00546nam a22002057a 450000500170000001000130001702000220003003500130005203700160006504000120008108200150009310000170010824500580012524600060018326000310018927000530022030000330027365000220030665000120032820170124110231.0 aB-083195 a0333936795c00.00 aB-083195 bCen Lib/Ret aDPLbEN a005.8bFAD aFadia, Ankit aUnofficial guide to ethical hacking /cby Ankit Fadia b  bMacmillanc2004aNew Delhi bNew Delhia2/10, Ansari Road, Darya Ganje110002 axix,608p. : c25cm(Hb)bill. aComputer security aHackers